000 01822nam a22005297a 4500
003 OSt
005 20230420093531.0
008 221006b |||||||| |||| 00| 0 eng d
040 _cBiblioteca Lado V
082 _a700
_bZ39a
100 _9802
_aZaya, Antonio
_eeditor
_edirector
245 _aAtalantica/
_bRevista de Arte y Pensamiento/
260 _bCentro Atlantico de Arte Moderno
_c2004
_aEspaña
300 _c24x30cm
_a145p.
366 _efre
366 _eeng
490 _v2004
_x1132-8428
_a37
505 _tDossier "8 Bienal de la Habana"
505 _tEntrevista con Hilda Maria Rodriguez
505 _tUn texto Infinito
505 _tFragmentos del arte y de la vida
505 _tCiudad y Accion
505 _tUn portafolio de Barthelemy Toguo
505 _tCrusing Danubio
505 _tBienal de Jafre
505 _tUn Proyecto de Olivia Flecha
505 _tMartin Sastre
505 _tJose Bedia
505 _tUn Proyecto de Aziz + Cucher
505 _tBelkis AYON
505 _tUn Proyecto de Juan Luis Alzola
505 _tMontoto
505 _tUn Portafolio de Michael Ray Charles
505 _tCarlos de Villasante
505 _tCiudad Multiple
505 _tUn Proyecto de dEmo
650 _2Tesauro de Arte & Arquitectura
_aARTE
_9703
650 _2Tesauro de Arte & Arquitectura
_aEXPOSICIONES
650 _2Tesauro de Arte & Arquitectura
_aCULTURA
650 _2Tesauro de Arte & Arquitectura
_aAPRECIACION
650 _2Tesauro de Arte & Arquitectura
_aTEORIA
650 _2Tesauro de Arte & Arquitectura
_aCRITICA
650 _2Tesauro de Arte & Arquitectura
_aFOTOGRAFIA
_9702
650 _2Tesauro de Arte & Arquitectura
_aLITERATURA
650 _2Tesauro de Arte & Arquitectura
_aESPAÑA
942 _2ddc
_c1
_h700
_iZ39a
_n0
999 _c3393
_d3393